| 000 | 00767nam a2200265 i 4500 | ||
|---|---|---|---|
| 001 | C2-0324609 | ||
| 003 | PPAK | ||
| 005 | 20180728122940.0 | ||
| 008 | 131216s2013 my a|||| ||||| | may d | ||
| 020 | _a9789674301910 | ||
| 040 |
_aPPAK _beng _cPPAK _erda |
||
| 082 | 0 | 4 |
_a398.2 _223 |
| 090 | 0 | 0 |
_a398.2 _bZAI _dK |
| 100 | 0 |
_aZainun Mustapha, _eauthor |
|
| 245 | 1 | 0 | _aRatu yang berani |
| 264 | 1 |
_aWangsa Maju, Kuala Lumpur : _bInstitut Terjemahan & Buku Malaysia , _c2013 |
|
| 300 |
_a24 pages : _bcolour illustrations ; _c23 cm. |
||
| 336 |
_2rdacontent _atext |
||
| 337 |
_2rdamedia _aunmediated |
||
| 338 |
_2rdacarrier _avolume |
||
| 490 | 1 | _aSiri didik ria | |
| 650 | 1 | 0 | _aFolk literature, Malay. ; Tales. |
| 830 | 0 | _aSiri didik ria | |
| 942 |
_ddc _cB |
||
| 999 |
_c124563 _d124563 |
||